| 000 | 00825nam a22002777a 4500 | ||
|---|---|---|---|
| 001 | BR9704701 | ||
| 003 | BR-BrBNA | ||
| 005 | 20230928095724.0 | ||
| 007 | ta | ||
| 008 | 230509b bl.||||| |||| 00| 0 por d | ||
| 040 |
_aBR-BrBNA _bpor _cBiblioteca Nacional de Agricultura |
||
| 041 | _a(Por) | ||
| 072 |
_aH10 _b4020 |
||
| 090 | _ 4020 BR9704701 | ||
| 110 | 1 |
_aInstituto Mineiro de Agropecuaria, Belo Horizonte, MG (Brasil) _96391 |
|
| 245 | 1 | _aA praga dos gafanhotos, sua ocorrencia e consequencias no norte de Minas - periodo 94/95 | |
| 260 | 3 |
_aBelo Horizonte, MG (Brasil): _c1995. |
|
| 300 | _a63 p. | ||
| 500 | _a14 illus.; 25 tables | ||
| 650 | _aGafanhoto | ||
| 650 | _aFlutuacao Populacional | ||
| 650 | _aErradicacao | ||
| 650 | _aMinas Gerais | ||
| 909 |
_a202309 _bLucia _c55 _dLucia Elande |
||
| 942 | _cBK | ||
| 999 |
_c58287 _d58287 |
||